Modern chemistry (Record no. 48108)
[ view plain ]
| 000 -LEADER | |
|---|---|
| fixed length control field | 01000cam a22003011 4500 |
| 001 - CONTROL NUMBER | |
| control field | 6078136 |
| 003 - CONTROL NUMBER IDENTIFIER | |
| control field | OSt |
| 005 - DATE AND TIME OF LATEST TRANSACTION | |
| control field | 20231207142901.0 |
| 008 - FIXED-LENGTH DATA ELEMENTS--GENERAL INFORMATION | |
| fixed length control field | 781026m19591960njua 000 0 eng |
| 010 ## - LIBRARY OF CONGRESS CONTROL NUMBER | |
| LC control number | 59015138 |
| 035 ## - SYSTEM CONTROL NUMBER | |
| System control number | (OCoLC)4322079 |
| 040 ## - CATALOGING SOURCE | |
| Original cataloging agency | DLC |
| Transcribing agency | TxU-Da |
| Modifying agency | OCoLC |
| -- | DLC |
| 042 ## - AUTHENTICATION CODE | |
| Authentication code | premarc |
| 050 00 - LIBRARY OF CONGRESS CALL NUMBER | |
| Classification number | QD33 |
| Item number | .B33 |
| 082 ## - DEWEY DECIMAL CLASSIFICATION NUMBER | |
| Classification number | 540 |
| 100 1# - MAIN ENTRY--PERSONAL NAME | |
| Personal name | Baxter, John F. |
| 9 (RLIN) | 35028 |
| 245 10 - TITLE STATEMENT | |
| Title | Modern chemistry |
| Statement of responsibility, etc. | [by] John F. Baxter and Luke E. Steiner. |
| 260 ## - PUBLICATION, DISTRIBUTION, ETC. | |
| Place of publication, distribution, etc. | Englewood Cliffs, N.J., |
| Name of publisher, distributor, etc. | Prentice-Hall, |
| Date of publication, distribution, etc. | 1959-60. |
| 300 ## - PHYSICAL DESCRIPTION | |
| Extent | ix, 278 pages |
| Other physical details | illus. |
| Dimensions | 22 cm. |
| 500 ## - GENERAL NOTE | |
| General note | "Especially prepared for [N. B. C.] Continental classroom [television course]" |
| 504 ## - BIBLIOGRAPHY, ETC. NOTE | |
| Bibliography, etc. note | Bibliography: p. 262-263. |
| 650 #0 - SUBJECT ADDED ENTRY--TOPICAL TERM | |
| Topical term or geographic name entry element | Chemistry. |
| 9 (RLIN) | 1096 |
| 700 1# - ADDED ENTRY--PERSONAL NAME | |
| Personal name | Steiner, Luke E. |
| Fuller form of name | (Luke Eby), |
| Dates associated with a name | 1900- |
| Relator term | joint author. |
| 9 (RLIN) | 35029 |
| 700 1# - ADDED ENTRY--PERSONAL NAME | |
| Personal name | Young, Jay A. |
| 9 (RLIN) | 35030 |
| 730 0# - ADDED ENTRY--UNIFORM TITLE | |
| Uniform title | Continental classroom (Television program) |
| 9 (RLIN) | 35031 |
| 906 ## - LOCAL DATA ELEMENT F, LDF (RLIN) | |
| a | 7 |
| b | cbc |
| c | oclcrpl |
| d | u |
| e | ncip |
| f | 19 |
| g | y-gencatlg |
| 942 ## - ADDED ENTRY ELEMENTS (KOHA) | |
| Source of classification or shelving scheme | Library of Congress Classification |
| Koha item type | Books |
No items available.